LDR 00985naa#a2200169#i#450# 001 RU\\bibl\119754 005 20260416210825.4 011 ## _a2308-8877 100 ## _a20260406b2026####ek#y0rusy0150####ca 102 ## _aRU 200 1# _aЭКОЛОГО-ЭКОНОМИЧЕСКАЯ ЭФФЕКТИВНОСТЬ ИСПОЛЬЗОВАНИЯ СЕЛЬСКОХОЗЯЙСТВЕННЫХ УГОДИЙ В СУБЪЕКТАХ ЦЕНТРАЛЬНОГО ФЕДЕРАЛЬНОГО ОКРУГА: ЭМПИРИЧЕСКИЙ АНАЛИЗ _eЖурнальная статья 210 1# _aВоронеж _cВоронежский государственный лесотехнический университет имени Г.Ф. Морозова _d2026 215 ## _a15 с. 608 ## _aЖурнальная статья _2local 675 ## _aЭкономика. Народное хозяйство. Экономические науки. 33 _z 700 #1 _aКолотушкин _gАндрей Андреевич 856 4# _aanni.editorum.ru _u